[Event "8 Player Open 2"]
[Site "SchemingMind.com"]
[Date "2014.06.08"]
[Round "-"]
[White "bobbassbone"]
[Black "nigelfclincs"]
[Result "1-0"]
[WhiteCountry "ENG"]
[BlackCountry "ENG"]
[WhiteElo "1618"]
[WhiteRD "54"]
[BlackElo "1360"]
[BlackRD "97"]
[GameID "359594"]

1. d4 d5 2. Bf4 f6 3. e3 h5 4. h3 h4 5. c3 g5 6. Bh2 a6 7. Bd3 e6 8. Nd2 Ne7 9. Bg6+ Nxg6 10. Ngf3 Nd7
11. Qc2 c5 12. Qxg6+ Ke7 13. Qd3 c4 14. Qc2 b5 15. O-O Rg8 16. Rfd1 e5 17. dxe5 fxe5 18. Nxe5 Nxe5 19. Bxe5 Bb7 20. Qh7+ Ke6
21. Qxg8+ Kxe5 22. Nf3+ Kd6 23. Qg6+ Kc7 24. Nxg5 Be7 25. Ne6+ Kd7 26. Nxd8 Bxd8 27. Qf7+ Kc6 28. Qxd5+ Kb6 29. Qd4+ Kc7 30. Qd6+ Kc8
31. Qxd8#
1-0

[Event "8 Player Open 2"]
[Site "SchemingMind.com"]
[Date "2014.06.08"]
[Round "-"]
[White "nigelfclincs"]
[Black "bobbassbone"]
[Result "0-1"]
[WhiteCountry "ENG"]
[BlackCountry "ENG"]
[WhiteElo "1360"]
[WhiteRD "97"]
[BlackElo "1618"]
[BlackRD "54"]
[GameID "359595"]

1. e4 c6 2. d4 d5 3. exd5 cxd5 4. f3 Nf6 5. c3 e6 6. g3 Nc6 7. Bb5 Bd7 8. Ne2 a6 9. Bd3 Bd6 10. Bf4 Bxf4
11. Nxf4 Rc8 12. h4 Qc7 13. c4 dxc4 14. Bxc4 Nxd4 15. Qxd4 Qxc4 16. Qxc4 Rxc4 17. O-O O-O 18. b3 Rc2 19. Na3 Rc3 20. Ne2 Rc5
21. Nc4 Bb5 22. Rac1 Bxc4 23. bxc4 Rfc8 24. Rfd1 Kf8 25. a4 Rxc4 26. Rxc4 Rxc4 27. a5 Ra4 28. Rb1 Rxa5 29. Rxb7 Ra1+ 30. Kf2 a5
31. g4 Nd5 32. Nd4 a4 33. Nc6 f6 34. Rb8+ Kf7 35. Rb7+ Kg6 36. h5+ Kh6 37. Nd4 Nf4 38. Ke3 Nd5+ 39. Kd3 a3 40. Ra7 a2
41. Nb3 Rf1 42. Rxa2 Rxf3+ 43. Kc4 Rf4+ 44. Kc5 Rxg4 45. Nd4 Nf4 46. Ra6 Rg5+ 47. Kd6 Rd5+ 48. Ke7 Kxh5 49. Nxe6 Nxe6 50. Kxe6 Rb5
51. Ra7 Kg6 52. Kd6 h5 53. Ke6 h4 54. Ra1 h3 55. Rg1+ Kh6 56. Rg3 Rh5 57. Kf7 Rh4 58. Rg6+ Kh5 59. Rxg7 h2 60. Kxf6 h1=Q
61. Rh7+ Kg4 62. Rxh4+ Qxh4+
0-1

[Event "8 Player Open 2"]
[Site "SchemingMind.com"]
[Date "2014.06.09"]
[Round "-"]
[White "bobbassbone"]
[Black "Robert Bruce"]
[Result "0-1"]
[WhiteCountry "ENG"]
[BlackCountry "SCO"]
[WhiteElo "1618"]
[WhiteRD "54"]
[BlackElo "1944"]
[BlackRD "108"]
[GameID "359681"]

1. d4 d5 2. Bf4 Bf5 3. e3 e6 4. c3 Nf6 5. Bd3 Bxd3 6. Qxd3 Bd6 7. Bg3 O-O 8. Nd2 c5 9. Bh4 Nbd7 10. Ngf3 Qb6
11. Qc2 Qa6 12. a3 cxd4 13. exd4 Nh5 14. Ng5 Ndf6 15. Ngf3 Nf4 16. O-O-O Ng4 17. h3 Nxf2 18. Ng5 N4d3+ 19. Kb1 Nxh1 20. Ndf3 h6
21. Rxd3 hxg5 22. Nxg5 Be7
0-1

[Event "8 Player Open 2"]
[Site "SchemingMind.com"]
[Date "2014.06.09"]
[Round "-"]
[White "Robert Bruce"]
[Black "bobbassbone"]
[Result "1-0"]
[WhiteCountry "SCO"]
[BlackCountry "ENG"]
[WhiteElo "1749"]
[WhiteRD "176"]
[BlackElo "1650"]
[BlackRD "61"]
[GameID "359682"]

1. c4 c6 2. g3 d5 3. Nf3 Nf6 4. Bg2 Bg4 5. Ne5 Bf5 6. cxd5 cxd5 7. Qa4+ Nbd7 8. Nc3 e6 9. d3 Bd6 10. Bf4 Nh5
11. Nxd7 Qxd7 12. Bxd6 Nf6 13. Nb5 a6 14. Nc7+ Kd8 15. Qxd7+ Kxd7 16. Nxa8 Kxd6 17. Nb6 Nd7 18. Nxd7
1-0

[Event "8 Player Open 2"]
[Site "SchemingMind.com"]
[Date "2014.06.09"]
[Round "-"]
[White "Robert Bruce"]
[Black "nigelfclincs"]
[Result "1-0"]
[WhiteCountry "SCO"]
[BlackCountry "ENG"]
[WhiteElo "1944"]
[WhiteRD "108"]
[BlackElo "1360"]
[BlackRD "97"]
[GameID "359683"]

1. f4 f5 2. Nf3 d5 3. b3 g6 4. Bb2 e5 5. e3 Bg7 6. c4 e4 7. Bxg7 exf3 8. Qxf3 h5 9. Bxh8 d4 10. Qd5 Qxd5
11. cxd5 dxe3 12. Bc4 Nd7 13. d6 exd2+ 14. Nxd2 cxd6 15. Bxg8 Kf8 16. Bh7 Nc5 17. O-O b5 18. Bxg6 Kg8 19. Bf6 Be6 20. Rae1 Rf8
21. Be7 Rc8 22. Bxd6 Kg7 23. Bxh5 Ne4 24. Nxe4 fxe4 25. f5 Bd5 26. f6+ Kg8 27. f7+ Bxf7 28. Bxf7+ Kg7 29. Be5+ Kh6 30. Rf6+ Kg5
31. Ref1
1-0

[Event "8 Player Open 2"]
[Site "SchemingMind.com"]
[Date "2014.06.09"]
[Round "-"]
[White "nigelfclincs"]
[Black "Robert Bruce"]
[Result "0-1"]
[WhiteCountry "ENG"]
[BlackCountry "SCO"]
[WhiteElo "1360"]
[WhiteRD "97"]
[BlackElo "1944"]
[BlackRD "108"]
[GameID "359684"]

1. Nc3 d5 2. d4 Nf6 3. f3 e6 4. a3 c5 5. dxc5 Bxc5 6. e4 Qb6 7. Qe2 Bxg1 8. exd5 O-O 9. Na4 Qa5+ 10. Nc3 exd5
11. b4 Qc7 12. Qd3 Bf5 13. Rxg1 Bxd3 14. Bxd3 Qxc3+ 15. Kf2 Qxa1 16. Bf4 Qxa3 17. Bd6 Re8 18. g4 Re6 19. Bc5 Qc3 20. h3 d4
21. h4 Qd2+ 22. Kg3 Nd5 23. Bxd4 Qf4+
0-1

[Event "8 Player Open 2"]
[Site "SchemingMind.com"]
[Date "2014.06.09"]
[Round "-"]
[White "bobbassbone"]
[Black "JDan"]
[Result "1-0"]
[WhiteCountry "ENG"]
[BlackCountry "POL"]
[WhiteElo "1650"]
[WhiteRD "61"]
[BlackElo "1537"]
[BlackRD "52"]
[GameID "359686"]

1. d4 Nf6 2. Bg5 e6 3. e3 b6 4. Nf3 h6 5. Bh4 Bb7 6. Nbd2 Be7 7. c3 O-O 8. Bd3 c5 9. O-O Qc7 10. Qc2 g6
11. Bg3 d6 12. dxc5 bxc5 13. Nb3 Bxf3 14. gxf3 c4 15. Bxg6 fxg6 16. Qxg6+ Kh8 17. Qxh6+ Nh7 18. Nd4 Rf6 19. Qh5 Nc6 20. Bh4 Rg8+
21. Kh1 Rfg6 22. Bxe7 Qxe7 23. Nxc6 Qg5 24. Qxg5 Nxg5 25. Ne7 Nxf3 26. Nxg8 Kxg8 27. Rg1 Ng5 28. Rxg5 Rxg5 29. Rg1 Rxg1+ 30. Kxg1 Kg7
31. Kg2 Kg6 32. Kg3 Kg5 33. e4 d5 34. exd5 exd5 35. f4+ Kf5 36. h4
1-0

[Event "8 Player Open 2"]
[Site "SchemingMind.com"]
[Date "2014.06.09"]
[Round "-"]
[White "JDan"]
[Black "bobbassbone"]
[Result "0-1"]
[WhiteCountry "POL"]
[BlackCountry "ENG"]
[WhiteElo "1537"]
[WhiteRD "52"]
[BlackElo "1650"]
[BlackRD "61"]
[GameID "359687"]

1. e4 c6 2. c4 d5 3. exd5 cxd5 4. d4 dxc4 5. Bxc4 Nf6 6. Nc3 e6 7. Nf3 Bb4 8. O-O Qc7 9. Qd3 Nc6 10. a3 Bxc3
11. bxc3 Bd7 12. g3 h6 13. Bf4 Qc8 14. Ne5 O-O 15. d5 exd5 16. Bxd5 Nxe5 17. Bxe5 Nxd5 18. Qxd5 Rd8 19. Qf3 Bc6 20. Qf4 Qh3
21. f3 Rd3 22. Rae1 Rad8 23. Bd4 Qd7 24. Qe5 f6 25. Qc5 Rxf3 26. Rxf3 Bxf3 27. Qxa7 Qh3 28. Kf2 Qg2+
0-1

[Event "8 Player Open 2"]
[Site "SchemingMind.com"]
[Date "2014.06.09"]
[Round "-"]
[White "JDan"]
[Black "Robert Bruce"]
[Result "0-1"]
[WhiteCountry "POL"]
[BlackCountry "SCO"]
[WhiteElo "1537"]
[WhiteRD "52"]
[BlackElo "1749"]
[BlackRD "176"]
[GameID "359688"]

1. e4 c6 2. c4 d5 3. cxd5 cxd5 4. exd5 a6 5. Nc3 Nf6 6. Qb3 e6 7. Bc4 b5 8. Nxb5 axb5 9. Bxb5+ Ke7 10. Qb4+ Qd6
11. Qxd6+ Kxd6 12. b3 Nxd5 13. Ba3+ Rxa3
0-1

[Event "8 Player Open 2"]
[Site "SchemingMind.com"]
[Date "2014.06.09"]
[Round "-"]
[White "Robert Bruce"]
[Black "JDan"]
[Result "1-0"]
[WhiteCountry "SCO"]
[BlackCountry "POL"]
[WhiteElo "1944"]
[WhiteRD "108"]
[BlackElo "1533"]
[BlackRD "51"]
[GameID "359689"]

1. d4 Nf6 2. Nf3 g6 3. g3 Bg7 4. Bg2 O-O 5. O-O d5 6. c4 c6 7. Qb3 Nbd7 8. cxd5 cxd5 9. Nc3 e6 10. Bf4 b6
11. Qa3 Re8 12. Nb5 Bf8 13. Qa4 Bb7 14. Nc7 e5 15. Nxe8 exf4 16. Nxf6+ Nxf6 17. gxf4 Nh5 18. e3 Be7 19. Ne5 Ng7 20. Rac1 Bc8
21. Nc6 Qd7 22. Bxd5 Bb7 23. Nxe7+ Qxe7 24. Bxb7 Qxb7 25. Qc6 Qa6 26. Qxa8+
1-0

[Event "8 Player Open 2"]
[Site "SchemingMind.com"]
[Date "2014.06.09"]
[Round "-"]
[White "JDan"]
[Black "nigelfclincs"]
[Result "0-1"]
[WhiteCountry "POL"]
[BlackCountry "ENG"]
[WhiteElo "1533"]
[WhiteRD "51"]
[BlackElo "1360"]
[BlackRD "97"]
[GameID "359690"]

1. e4 e5 2. f4 exf4 3. Nf3 c6 4. d4 g5 5. h4 Bh6 6. Nc3 f6 7. e5 g4 8. Nd2 d5 9. Be2 g3 10. Bh5+ Kf8
11. O-O Be6 12. Nb3 Bf7 13. Bxf4 Bxf4 14. Rxf4 Bxh5 15. Qxh5 Qe8 16. Qh6+ Nxh6 17. Rxf6+ Nf7 18. Nc5 Nd7 19. Ne6+ Ke7 20. Nc7 Qc8
21. Re6+ Kd8 22. Nxa8 Qxa8 23. Rf1 Nh6 24. Rxh6 Kc7 25. Rf7 b5 26. Rd6 Qe8 27. Rf3 Nxe5 28. dxe5 Qxe5 29. Rdf6 Qd4+ 30. Kh1 Qd2
31. Rxg3 Qe1+ 32. Kh2 Re8 33. Rg7+ Kb6 34. Rxh7 Qe5+
0-1

[Event "8 Player Open 2"]
[Site "SchemingMind.com"]
[Date "2014.06.09"]
[Round "-"]
[White "nigelfclincs"]
[Black "JDan"]
[Result "0-1"]
[WhiteCountry "ENG"]
[BlackCountry "POL"]
[WhiteElo "1360"]
[WhiteRD "97"]
[BlackElo "1533"]
[BlackRD "51"]
[GameID "359691"]

1. g3 Nf6 2. f3 d5 3. d4 g6 4. Nc3 Bg7 5. e4 e6 6. e5 Nfd7 7. b3 Nc6 8. h4 O-O 9. g4 f6 10. exf6 Bxf6
11. Nge2 Nb6 12. g5 Bg7 13. Nf4 Nxd4 14. Qd3 e5 15. Ng2 Nxf3+ 16. Kd1 Bg4 17. Ne3 Qd7 18. Nxg4 Qxg4 19. Bh3 Qh5 20. Qxd5+ Nxd5
21. Nxd5 Rad8 22. Bb2 Nxg5+ 23. Ke1 Nxh3 24. c4 Qxh4+ 25. Kd2 Bh6+ 26. Kc3 c6 27. Ne3 Bxe3 28. Bc1 Bd4+ 29. Kc2 Bxa1 30. Bb2 Rf2+
0-1

[Event "8 Player Open 2"]
[Site "SchemingMind.com"]
[Date "2014.06.11"]
[Round "-"]
[White "APB"]
[Black "bobbassbone"]
[Result "0-1"]
[WhiteCountry "ENG"]
[BlackCountry "ENG"]
[WhiteElo "1705"]
[WhiteRD "74"]
[BlackElo "1651"]
[BlackRD "56"]
[GameID "359692"]

1. e4 c6 2. d4 d5 3. Nc3 dxe4 4. Nxe4 Bf5 5. Ng3 Bg6 6. Nf3 h6 7. Bc4 e6 8. Ne5 Bh7 9. Qf3 Nf6 10. c3 Nbd7
11. Bf4 Nxe5 12. dxe5 Nd7 13. Rd1 Bc5 14. Nh5 O-O 15. Nxg7 Kxg7 16. O-O Qe7 17. Qg3+ Kh8 18. Qh3 Rg8 19. Rd3 Rg6 20. Rg3 Rag8
21. Rxg6 Rxg6 22. Bxh6 Nxe5 23. Be2 Qf6 24. Be3 Bxe3 25. fxe3 Qg7 26. g3 Kg8 27. Rd1 Qf6 28. Rf1 Qg7 29. Qh4 Ng4 30. Qd8+ Qf8
31. Qc7 Nxe3 32. Rf3 Qc5 33. Qxf7+ Kh8 34. Kh1 Ng4 35. Rf1 Rg7 36. Qe8+ Rg8 37. Qf7 Be4+ 38. Bf3 Bxf3+ 39. Rxf3 Qg5 40. h4 Qg6
41. Qxb7 Qb1+ 42. Kg2 Qc2+ 43. Kf1 Qd1+ 44. Kg2 Qe2+
0-1

[Event "8 Player Open 2"]
[Site "SchemingMind.com"]
[Date "2014.06.10"]
[Round "-"]
[White "bobbassbone"]
[Black "APB"]
[Result "0-1"]
[WhiteCountry "ENG"]
[BlackCountry "ENG"]
[WhiteElo "1618"]
[WhiteRD "54"]
[BlackElo "1721"]
[BlackRD "72"]
[GameID "359693"]

1. d4 Nf6 2. Bf4 e6 3. e3 d5 4. c3 Bd6 5. Bg3 O-O 6. Nd2 Bxg3 7. hxg3 Nc6 8. Bd3 g6 9. Ngf3 Re8 10. Qc2 e5
11. dxe5 Nxe5 12. Nxe5 Rxe5 13. O-O-O c5 14. Nf3 Rh5 15. Rxh5 Nxh5 16. Rh1 c4 17. Be2 Bf5 18. Qd2 Nf6 19. Rd1 Be6 20. Bxc4 Ne4
21. Qd4 Nxf2 22. Rf1 Ne4 23. Bb3 Nxg3 24. Qd3 Nxf1
0-1

[Event "8 Player Open 2"]
[Site "SchemingMind.com"]
[Date "2014.06.10"]
[Round "-"]
[White "APB"]
[Black "JDan"]
[Result "1-0"]
[WhiteCountry "ENG"]
[BlackCountry "POL"]
[WhiteElo "1724"]
[WhiteRD "75"]
[BlackElo "1408"]
[BlackRD "58"]
[GameID "359694"]

1. e4 e6 2. d4 c5 3. Nf3 d5 4. Nbd2 Nc6 5. Bb5 Qb6 6. Ba4 Nf6 7. c3 dxe4 8. Ng5 Bd6 9. Ngxe4 Nxe4 10. Nxe4 Be7
11. O-O O-O 12. dxc5 Bxc5 13. Nxc5 Qxc5 14. Bc2 g6 15. Be3 Qe7 16. b4 a6 17. Bc5 Qd8 18. Bxf8 Qxf8 19. f4 e5 20. Qf3 Be6
21. a3 Qg7 22. Be4 Bc4 23. Rfd1 Rc8 24. Rd7 exf4 25. Rxb7 Nb8 26. Rd1 Be6 27. Bd5 Bxd5 28. Rxd5 h5 29. Rc5 Re8 30. Rbc7
1-0

[Event "8 Player Open 2"]
[Site "SchemingMind.com"]
[Date "2014.06.10"]
[Round "-"]
[White "JDan"]
[Black "APB"]
[Result "0-1"]
[WhiteCountry "POL"]
[BlackCountry "ENG"]
[WhiteElo "1408"]
[WhiteRD "58"]
[BlackElo "1724"]
[BlackRD "75"]
[GameID "359695"]

1. e4 c5 2. Nc3 Nc6 3. f4 e6 4. Nf3 Nge7 5. Bb5 a6 6. Be2 d5 7. d3 d4 8. Na4 Qa5+ 9. Bd2 Qxa4 10. O-O Nb4
11. b3 Qc6 12. Ne5 Qc7 13. Bh5 g6 14. Bf3 Nec6 15. Nc4 b5 16. Nb2 a5 17. a3 Na6 18. c4 b4 19. Na4 e5 20. fxe5 Nxe5
21. Bf4 Bg7 22. axb4 axb4 23. Bxe5 Bxe5 24. g3 O-O 25. Bg4 Bxg4 26. Qxg4 Nb8 27. Kg2 Nd7
0-1

[Event "8 Player Open 2"]
[Site "SchemingMind.com"]
[Date "2014.06.10"]
[Round "-"]
[White "APB"]
[Black "Robert Bruce"]
[Result "0-1"]
[WhiteCountry "ENG"]
[BlackCountry "SCO"]
[WhiteElo "1721"]
[WhiteRD "72"]
[BlackElo "1944"]
[BlackRD "108"]
[GameID "359696"]

1. e4 Nf6 2. e5 Nd5 3. d4 d6 4. Nf3 dxe5 5. dxe5 c6 6. Bc4 Bg4 7. h3 Bh5 8. Nc3 e6 9. Nxd5 cxd5 10. Bb5+ Nc6
11. Qd3 Be7 12. Bf4 O-O 13. c3 Qb6 14. Be3 Qc7 15. Bf4 Bxf3 16. Qxf3 Nxe5 17. Qe3 Bd6 18. O-O a6 19. Be2 Nf3+ 20. Bxf3 Bxf4
21. Qd3 Rac8 22. g3 Bxg3 23. fxg3 Qxg3+ 24. Kh1 Qxh3+ 25. Kg1 Qg3+ 26. Kh1 Rc4
0-1

[Event "8 Player Open 2"]
[Site "SchemingMind.com"]
[Date "2014.06.10"]
[Round "-"]
[White "Robert Bruce"]
[Black "APB"]
[Result "1-0"]
[WhiteCountry "SCO"]
[BlackCountry "ENG"]
[WhiteElo "1944"]
[WhiteRD "108"]
[BlackElo "1721"]
[BlackRD "72"]
[GameID "359697"]

1. d4 Nf6 2. c4 g6 3. Nc3 Bg7 4. e4 d6 5. h3 O-O 6. Bg5 b6 7. Nf3 Nfd7 8. Be2 f6 9. Be3 e5 10. dxe5 fxe5
11. Qd5+ Kh8 12. Qxa8 Na6 13. Qxa7 c5 14. O-O-O
1-0

[Event "8 Player Open 2"]
[Site "SchemingMind.com"]
[Date "2014.06.10"]
[Round "-"]
[White "APB"]
[Black "nigelfclincs"]
[Result "1-0"]
[WhiteCountry "ENG"]
[BlackCountry "ENG"]
[WhiteElo "1721"]
[WhiteRD "72"]
[BlackElo "1360"]
[BlackRD "97"]
[GameID "359698"]

1. e4 e5 2. Nf3 f6 3. Bc4 Ne7 4. d4 c6 5. dxe5 d5 6. exd5 cxd5 7. Bb3 Na6 8. O-O fxe5 9. Nxe5 Nc5 10. Qf3 Be6
11. Nc3 Nxb3 12. axb3 Rc8 13. Rxa7 Nf5 14. Rxb7 Rc7 15. Rb6 Nd4 16. Qd3 Bc5 17. Nb5 Nxb5 18. Qxb5+ Ke7 19. Bg5+ Kf8 20. Bxd8 Rc8
21. Rxe6 Rxd8 22. Qxc5+ Kg8 23. Qe7 Rf8 24. Rd6 g6 25. Qe6+ Kg7 26. Rd7+ Kh6 27. Qh3+ Kg5 28. Rxd5 Kf6 29. Nd7+
1-0

[Event "8 Player Open 2"]
[Site "SchemingMind.com"]
[Date "2014.06.10"]
[Round "-"]
[White "nigelfclincs"]
[Black "APB"]
[Result "0-1"]
[WhiteCountry "ENG"]
[BlackCountry "ENG"]
[WhiteElo "1360"]
[WhiteRD "97"]
[BlackElo "1721"]
[BlackRD "72"]
[GameID "359699"]

1. Nc3 e5 2. e4 Nf6 3. f3 Bc5 4. Nge2 Nc6 5. Nd5 Nxd5 6. exd5 Ne7 7. d4 exd4 8. Nxd4 Nxd5 9. c3 O-O 10. Nb3 Re8+
11. Be2 Be3 12. Qxd5 Qe7 13. Nd4 Bxd4 14. Qe4 Bb6 15. Qxe7 Rxe7 16. a4 d5 17. Kd1 Bf5 18. g4 Bg6 19. b4 c6 20. Rf1 Rae8
21. Rg1 Rxe2 22. Bd2 Bxg1 23. Kc1 Be3 24. Bxe3 R8xe3 25. Ra3 Rxh2 26. Kd1 Rxf3 27. Ke1 Bd3 28. c4 Rf1#
0-1

[Event "8 Player Open 2"]
[Site "SchemingMind.com"]
[Date "2014.06.12"]
[Round "-"]
[White "APB"]
[Black "emvarela"]
[Result "1-0"]
[WhiteCountry "ENG"]
[BlackCountry "ARG"]
[WhiteElo "1729"]
[WhiteRD "78"]
[BlackElo "1700"]
[BlackRD "51"]
[GameID "359720"]

1. e4 e5 2. Nf3 Nc6 3. Bc4 Bc5 4. b4 Bb6 5. c3 a6 6. d3 h6 7. O-O Nf6 8. Na3 d6 9. b5 axb5 10. Bxb5 Bd7
11. Nc4 O-O 12. Nxb6 cxb6 13. Bd2 Qc7 14. Qc2 Nb4 15. Qb1 Bxb5 16. cxb4 Ra3 17. Rc1 Qd7 18. d4 Bd3 19. Qb2 Rfa8 20. Rc3 Rxc3
21. Bxc3 Bxe4 22. Ne1 exd4 23. Bxd4 Qb5 24. f3 Bd5 25. a3 Bc4 26. Bxf6 gxf6 27. Qxf6 Qe5 28. Qxe5 dxe5 29. Rc1 b5 30. Rc3 Rd8
31. Re3 f6 32. h3 Kf7 33. Kh2 Kg6 34. Rc3 Rd1 35. Re3 Kg5 36. g3 Rd2+ 37. Kg1 Re2 38. Rxe2 Bxe2 39. Kf2 Bd1 40. Ng2 f5
41. f4+ exf4 42. gxf4+ Kf6 43. h4 h5 44. Ke3 Ke6 45. Kd4 b6 46. Ne3 Bf3 47. Nc2 Kd6 48. Ke3 Be4 49. Nd4 Kd5 50. Nxb5 Kc6
51. Nd4+ Kd5 52. Nb5 Kc6 53. Nc3 Bc2 54. Kd2 Bb3 55. Kd3 b5 56. Kd4 Bc2 57. Ke5 Bd3 58. Kf6
1-0

[Event "8 Player Open 2"]
[Site "SchemingMind.com"]
[Date "2014.06.15"]
[Round "-"]
[White "emvarela"]
[Black "APB"]
[Result "0-1"]
[WhiteCountry "ARG"]
[BlackCountry "ENG"]
[WhiteElo "1677"]
[WhiteRD "48"]
[BlackElo "1705"]
[BlackRD "74"]
[GameID "359721"]

1. e4 c5 2. Nf3 d6 3. d4 cxd4 4. Nxd4 Nf6 5. Nc3 a6 6. Be3 e5 7. Nb3 Be7 8. Bd3 Ng4 9. Qd2 Nxe3 10. Qxe3 Nc6
11. O-O-O Bg5
0-1

[Event "8 Player Open 2"]
[Site "SchemingMind.com"]
[Date "2014.06.14"]
[Round "-"]
[White "emvarela"]
[Black "bobbassbone"]
[Result "0-1"]
[WhiteCountry "ARG"]
[BlackCountry "ENG"]
[WhiteElo "1633"]
[WhiteRD "47"]
[BlackElo "1624"]
[BlackRD "58"]
[GameID "359722"]

1. e4 c6 2. d4 d5 3. Nc3 Nf6 4. e5 Nfd7 5. e6 Nf6 6. exf7+ Kxf7 7. Be2 Bf5 8. Nf3 h6 9. Ne5+ Kg8 10. Bh5 Be6
11. Bf3 Nbd7 12. Bf4 Nxe5 13. Bxe5 Bf7 14. Bxf6 exf6 15. O-O Bd6 16. g3 Kh7 17. Qd2 Re8 18. Rae1 Qd7 19. Rxe8 Rxe8 20. Re1 Bb4
21. Rxe8 Qxe8 22. a3 Bxc3 23. Qxc3 Bg6 24. Kg2 Be4 25. Qe3 Bxf3+ 26. Qxf3 Qe4 27. Qxe4+ dxe4 28. f4 f5 29. c4 Kg6 30. Kf2 Kf6
31. Ke3 a5 32. b4 axb4 33. axb4 Ke6 34. h3 h5 35. g4 g6 36. gxh5 gxh5 37. h4 b6
0-1

[Event "8 Player Open 2"]
[Site "SchemingMind.com"]
[Date "2014.06.14"]
[Round "-"]
[White "bobbassbone"]
[Black "emvarela"]
[Result "1/2-1/2"]
[WhiteCountry "ENG"]
[BlackCountry "ARG"]
[WhiteElo "1651"]
[WhiteRD "56"]
[BlackElo "1677"]
[BlackRD "48"]
[GameID "359723"]

1. d4 Nf6 2. Bg5 e6 3. Nf3 h6 4. Bxf6 Qxf6 5. e3 d5 6. c3 Bd7 7. Nbd2 c5 8. Bd3 Nc6 9. O-O cxd4 10. exd4 Bd6
11. Re1 O-O 12. h3 a6 13. Qc2 g6 14. Re3 e5 15. dxe5 Nxe5 16. Nxe5 Bxe5 17. Nf3 Rfe8 18. Rae1 Bf4 19. Rxe8+ Rxe8 20. Rxe8+ Bxe8
21. Qb3 Bc6 22. Nd4 Kg7 23. Nxc6 Qxc6 24. Qd1 b5 25. Qe2 Qe6 26. Kf1 Qxe2+ 27. Bxe2 Be5 28. Bd3 f5 29. Ke2=
1/2-1/2

[Event "8 Player Open 2"]
[Site "SchemingMind.com"]
[Date "2014.06.14"]
[Round "-"]
[White "emvarela"]
[Black "JDan"]
[Result "1-0"]
[WhiteCountry "ARG"]
[BlackCountry "POL"]
[WhiteElo "1633"]
[WhiteRD "47"]
[BlackElo "1408"]
[BlackRD "58"]
[GameID "359724"]

1. e4 e6 2. d4 c5 3. Nf3 d5 4. exd5 exd5 5. dxc5 Bxc5 6. Qe2+ Ne7 7. Be3 Bxe3 8. Qxe3 O-O 9. Nc3 Nbc6 10. O-O-O Be6
11. Nd4 a6 12. Be2
1-0

[Event "8 Player Open 2"]
[Site "SchemingMind.com"]
[Date "2014.06.14"]
[Round "-"]
[White "JDan"]
[Black "emvarela"]
[Result "0-1"]
[WhiteCountry "POL"]
[BlackCountry "ARG"]
[WhiteElo "1408"]
[WhiteRD "58"]
[BlackElo "1633"]
[BlackRD "47"]
[GameID "359725"]

1. e4 e5 2. f4 exf4 3. Nf3 f5 4. e5 g5 5. d4 g4 6. Bxf4 gxf3 7. Qxf3 Ne7 8. Qh5+ Ng6 9. g4 Qh4+ 10. Qxh4 Nxh4
11. gxf5 Nf3+ 12. Kd1 Nxd4 13. Bd3 b6
0-1

[Event "8 Player Open 2"]
[Site "SchemingMind.com"]
[Date "2014.06.14"]
[Round "-"]
[White "emvarela"]
[Black "Robert Bruce"]
[Result "0-1"]
[WhiteCountry "ARG"]
[BlackCountry "SCO"]
[WhiteElo "1677"]
[WhiteRD "48"]
[BlackElo "1984"]
[BlackRD "99"]
[GameID "359726"]

1. e4 Nf6 2. e5 Nd5 3. c4 Nb6 4. d4 d6 5. f4 g6 6. Nc3 dxe5 7. fxe5 c5 8. d5 Bg7 9. Nf3 Bg4 10. h3 Bxf3
11. Qxf3 N8d7 12. e6 fxe6 13. dxe6 Ne5 14. Qxb7 O-O 15. Bg5 Nd3+ 16. Bxd3 Qxd3 17. Bd2 Bxc3 18. Bxc3 Qe3+ 19. Kd1 Rf2 20. Qxa8+ Nxa8
0-1

[Event "8 Player Open 2"]
[Site "SchemingMind.com"]
[Date "2014.06.14"]
[Round "-"]
[White "Robert Bruce"]
[Black "emvarela"]
[Result "1-0"]
[WhiteCountry "SCO"]
[BlackCountry "ARG"]
[WhiteElo "2044"]
[WhiteRD "92"]
[BlackElo "1633"]
[BlackRD "47"]
[GameID "359727"]

1. c4 c5 2. Nf3 Nf6 3. Nc3 g6 4. d4 cxd4 5. Nxd4 Bg7 6. e4 Nc6 7. Be3 Nxd4 8. Bxd4 O-O 9. Be2 d6 10. O-O a6
11. Qb3 Nd7 12. Bxg7 Kxg7 13. Nd5 Nc5 14. Qe3 e6 15. b4 exd5 16. bxc5 dxe4 17. Rfd1 Qf6 18. cxd6 Bf5 19. Rab1 Rab8 20. c5 Rfd8
21. Rb6 Qe5 22. f4 Qe6 23. d7 Qxa2 24. Qc3+ Kg8 25. Bc4 Qa4 26. Bb3
1-0

[Event "8 Player Open 2"]
[Site "SchemingMind.com"]
[Date "2014.06.14"]
[Round "-"]
[White "emvarela"]
[Black "nigelfclincs"]
[Result "1-0"]
[WhiteCountry "ARG"]
[BlackCountry "ENG"]
[WhiteElo "1677"]
[WhiteRD "48"]
[BlackElo "1364"]
[BlackRD "99"]
[GameID "359728"]

1. e4 e5 2. Nf3 f6 3. d4 exd4 4. Nxd4 d5 5. exd5 Qxd5 6. Be3 h5 7. c4 Qa5+ 8. Qd2 Bb4 9. Nc3 Ne7 10. Nde2 Be6
11. a3 Bc5 12. Bxc5 Bxc4 13. Bxe7 Kxe7 14. Qe3+ Qe5 15. Nf4 Rh6 16. Bxc4 Qxe3+ 17. fxe3 c6 18. O-O g5 19. Nd3 b5 20. Bb3 Nd7
21. Ne4 Ne5 22. Nxe5 fxe5 23. Rf7+ Ke8 24. Nf6+ Rxf6 25. Rxf6 Kd7 26. Rd1+ Kc7 27. Rf5 Re8 28. Rxg5 Kb6 29. Rxh5 e4 30. Bc2 a5
31. Rd6 a4 32. Rhh6
1-0

[Event "8 Player Open 2"]
[Site "SchemingMind.com"]
[Date "2014.06.14"]
[Round "-"]
[White "nigelfclincs"]
[Black "emvarela"]
[Result "0-1"]
[WhiteCountry "ENG"]
[BlackCountry "ARG"]
[WhiteElo "1314"]
[WhiteRD "94"]
[BlackElo "1633"]
[BlackRD "47"]
[GameID "359729"]

1. e4 e5 2. d4 d6 3. dxe5 dxe5 4. Qxd8+ Kxd8 5. c3 Nf6 6. f3 Bc5 7. Ne2 Nc6 8. g4 h6 9. a4 a5 10. Ng3 Bd7
11. g5 hxg5 12. Nf5 Bxf5 13. exf5 Nh7 14. h4 gxh4 15. Rxh4 Ke7 16. Rc4 b6 17. b4 axb4 18. Bb2 Ng5 19. Bg2 Rh2 20. Kf1 Rd8
21. f4 Rd1+ 22. Ke2 Rxb1 23. Rxb1 Rxg2+ 24. Kd3 Rg3+ 25. Kc2 exf4 26. Re1+ Kf8 27. Re2 f3 28. Re1 Rg2+ 29. Kb1 f2 30. Rd1 Rg1
31. Rxg1 fxg1=Q+ 32. Bc1 Be3
0-1

[Event "8 Player Open 2"]
[Site "SchemingMind.com"]
[Date "2014.06.10"]
[Round "-"]
[White "APB"]
[Black "Erik Johnson"]
[Result "0-1"]
[WhiteCountry "ENG"]
[BlackCountry "USA"]
[WhiteElo "1696"]
[WhiteRD "79"]
[BlackElo "1644"]
[BlackRD "74"]
[GameID "359749"]

1. e4 d5 2. exd5 Qxd5 3. Nc3 Qa5 4. d4 c6 5. Bd2 Qd8 6. Nf3 Bg4 7. Be2 Nf6 8. h3 Bh5 9. Ne5 Bxe2 10. Qxe2 Nbd7
11. Nxd7 Qxd7 12. O-O-O Qxd4 13. Bg5 Qc5 14. Be3 Qa5 15. Kb1 e6 16. Rd4 Bb4 17. Qd3 Bxc3 18. bxc3 O-O 19. Rd1 Nd5 20. Bd2 Qb6+
21. Ka1 a5 22. Rh4 g6 23. Qe4 Qxf2 24. Bh6 Rfd8 25. Rd2 Qf1+ 26. Kb2 Qf6 27. Rd3 b5 28. Rf3 Qh8 29. Bf4 Nxf4 30. Qxf4 Ra7
31. Qe3 Rb7 32. Qe4 Rc7 33. Rhf4 b4 34. Kb3 bxc3 35. Rf6 Rb7+ 36. Kxc3 Rd5 37. Qf4 Rf5 38. Qd4 Qxf6 39. Qxf6 Rxf6 40. Rxf6 Kg7
41. Rf4 f5 42. Rc4 Rb6 43. Rc5 Kf6 44. Rxa5 e5 45. g4 e4 46. Kd4 Rb5 47. Ra6 Rd5+ 48. Ke3 Rd6 49. c4 Ke5 50. Ra5+ Ke6
51. a4 Rd3+ 52. Ke2 Rxh3 53. gxf5+ gxf5 54. Ra8 Kd7 55. Kd2 h5 56. a5 Ra3 57. a6 Kd6 58. Rf8 Kc5 59. Rxf5+ Kxc4 60. Rxh5 Rxa6
61. Ke3 Ra8 62. Kxe4 c5 63. Rh3 Kb4 64. Kd5 c4 65. Kd4 Rd8+
0-1